000 00648nam a2200157Ia 4500
008 240428s9999||||xx |||||||||||||| ||und||
020 _a9789988100566
041 _aeng
100 _aNinsin, Kwame A - Institute for Democratic Governance.
245 0 _aExecutive-parliament interface in the legislative process (1993-2006) : a synergy of powers?
260 _b: Published for Institute for Democratic Governance by Woeli Pub. Services
_aAccra, Ghana
_c2008
300 _aviii, 87 p.
650 _aGhana -- Politics and government. - Legislation -- Ghana. - Parliamentary practice -- Ghana. - Executive power -- Ghana
942 _cOP
999 _c367
_d367